Information warfare : (Record no. 180173)
[ view plain ]
| 000 -LEADER | |
|---|---|
| fixed length control field | 01413 a2200229 4500 |
| 003 - CONTROL NUMBER IDENTIFIER | |
| control field | Nust |
| 005 - DATE AND TIME OF LATEST TRANSACTION | |
| control field | 20221020140216.0 |
| 010 ## - LIBRARY OF CONGRESS CONTROL NUMBER | |
| LC control number | 2001278342 |
| 020 ## - INTERNATIONAL STANDARD BOOK NUMBER | |
| International Standard Book Number | 0072132604 |
| 035 ## - SYSTEM CONTROL NUMBER | |
| System control number | (OCoLC)ocm47888713 |
| 040 ## - CATALOGING SOURCE | |
| Transcribing agency | Nust |
| 082 00 - DEWEY DECIMAL CLASSIFICATION NUMBER | |
| Classification number | 005.821,ERB |
| 100 1# - MAIN ENTRY--PERSONAL NAME | |
| Personal name | Erbschloe, Michael, |
| 9 (RLIN) | 101004 |
| 245 10 - TITLE STATEMENT | |
| Title | Information warfare : |
| Remainder of title | how to survive cyber attacks / |
| Statement of responsibility, etc. | Michael Erbschloe. |
| 260 ## - PUBLICATION, DISTRIBUTION, ETC. | |
| Place of publication, distribution, etc. | New York : |
| Name of publisher, distributor, etc. | Osborne/McGraw-Hill, |
| Date of publication, distribution, etc. | c2001. |
| 300 ## - PHYSICAL DESCRIPTION | |
| Extent | xx, 315 p. ; |
| Dimensions | 24 cm. |
| 505 ## - FORMATTED CONTENTS NOTE | |
| Formatted contents note | Information Warfare A New Framework Analysis (Page-1), Measuring the Economics Impact of Information Warfare (Page-41), The Electronic Doomsday Scenario (Page-65), Preparing to Fight Against Major Threats (Page-97), Information warfare Strategies and Tactics from a Military Perspective (Page-123), Information Warfare Strategies and Tactics from a Corporate Perspective (Page-151), Strategies and Tactics from a Terrorist and Criminal Perspective (Page-173), The Arms Dealers and Industrial Mobilization in Information Warfare (Page-197), Civilian Casualties in Information Warfare (Page-229), The New Terrorist Profiles to the Dark Side (Page-237), Law Enforcement (Page-267), Final Words for Policy Makers, Military Planners, and Corporate Executives (Page-283). |
| 650 #0 - SUBJECT ADDED ENTRY--TOPICAL TERM | |
| Topical term or geographic name entry element | Computer crimes. |
| 9 (RLIN) | 18532 |
| 650 #0 - SUBJECT ADDED ENTRY--TOPICAL TERM | |
| Topical term or geographic name entry element | Cyberterrorism. |
| 9 (RLIN) | 95673 |
| 650 #0 - SUBJECT ADDED ENTRY--TOPICAL TERM | |
| Topical term or geographic name entry element | Information warfare. |
| 9 (RLIN) | 99329 |
| 942 ## - ADDED ENTRY ELEMENTS (KOHA) | |
| Source of classification or shelving scheme | |
| Koha item type | Book |
| Call number prefix | 005.821,ERB |
| Withdrawn status | Lost status | Source of classification or shelving scheme | Damaged status | Not for loan | Permanent Location | Current Location | Shelving location | Date acquired | Total Checkouts | Full call number | Barcode | Date last seen | Date last checked out | Price effective from | Koha item type | Public note |
|---|---|---|---|---|---|---|---|---|---|---|---|---|---|---|---|---|
| Military College of Signals (MCS) | Military College of Signals (MCS) | General Stacks | 12/12/2016 | 1 | 005.821,ERB | MCS30815 | 10/28/2025 | 09/24/2025 | 12/12/2016 | Book | Almirah No.9, Shelf No.6 |
